Problematika štátnej expertízy a schvaľovania prípravnej a projektovej dokumentácie so zameraním na KBV záverečná práca postgraduálneho štúdia

Salvato in:
Dettagli Bibliografici
Autore principale: Dobrotka, Jozef
Ente Autore: Vysoká škola ekonomická v Bratislave
Altri autori: Mutiš, Andrej
Natura: Libro
Lingua:slovacco
Pubblicazione: Bratislava 1988
Tags: Aggiungi Tag
Nessun Tag, puoi essere il primo ad aggiungerne!!

MARC

LEADER 00000nam a2200000 4500
001 c040816
005 20230116121631.2
041 0 |a slo 
044 |a SK 
245 1 0 |a Problematika štátnej expertízy a schvaľovania prípravnej a projektovej dokumentácie so zameraním na KBV  |b záverečná práca postgraduálneho štúdia  |c Jozef Dobrotka ; Ved. práce Andrej Mutiš 
264 1 |a Bratislava  |c 1988 
300 |a 47 s. 
100 1 |a Dobrotka, Jozef 
700 1 |a Mutiš, Andrej 
710 2 |a Vysoká škola ekonomická v Bratislave